000 00594nam a22001937a 4500
005 20140116110416.0
010 _aENG-109098
020 _a9788174469779
_c495.00
035 _aEN-92631
037 _bDBAD/PUB
082 _a352.9433095484
100 _aMishra, R. K.
245 _aSpecial employment schemes in Andhra Pradesh /
_cby R. K. Mishra [and] K. Trivikram
260 _aNew Delhi
_bExcel Books
_c2011
270 _aA- 45, Naraina, Phase 1
_bNew Delhi
_e110028
300 _ax,353p.
_c24cm(pbk)
700 _dTrivikram, K.
942 _2ddc
_cEN
_mMIS
_h352.9433095484
999 _c81892
_d81892